000
00266nam a22001097a 4500
082
_a
621.381528 STO'T
100
_a
STONER, D. L
_9
56309
245
_a
TRANSISTOR TRANSMITTER FOR THE AMATEUR
260
_a
NEWYORK
_b
HOWARD W SAMS
_c
1964
300
_a
128P
942
_c
BK
999
_c
566764
_d
566764